Etiología de la esquizofrenia
Tallennettuna:
| Päätekijä: | |
|---|---|
| Aineistotyyppi: | Kirja |
| Kieli: | espanja |
| Julkaistu: |
Buenos Aires
Amorrortu
1980
|
| Sarja: | Biblioteca de Psicología
|
| Aiheet: | |
| Tagit: |
Lisää tagi
Ei tageja, Lisää ensimmäinen tagi!
|
MARC
| LEADER | 00000nam a2200000 a 4500 | ||
|---|---|---|---|
| 001 | UCS9030 | ||
| 003 | CL-VaPUC | ||
| 008 | 971113e19800000AG |||||||||||||||||spa|d | ||
| 082 | 0 | 4 | |a 616.898 |b JAC |2 21 |
| 100 | |a Jackson, Donald D |e author |9 543183 | ||
| 245 | 1 | 0 | |a Etiología de la esquizofrenia |
| 300 | |a 445 p | ||
| 942 | |c BK | ||
| 945 | |d 19971113 00:00:00 |a jquezada | ||
| 260 | |a Buenos Aires |b Amorrortu |c 1980 | ||
| 650 | 0 | |a Esquizofrenia |9 312163 | |
| 650 | 0 | |a Trastornos mentales |9 307475 | |
| 650 | 0 | |a Psiquiatría |9 308427 | |
| 650 | 0 | |a Genética |9 259443 | |
| 650 | 0 | |a Bioquímica |9 259492 | |
| 650 | 7 | |a FISIOLOGIA |2 CL-VaPUC |9 394013 | |
| 650 | 0 | |a Psicología |9 257863 | |
| 650 | 0 | |a Sociología |9 255410 | |
| 650 | 0 | |a Psicoterapia familiar |9 310747 | |
| 583 | |a last modification |c 19971113 00:00:00 |k Rodrigo Vera | ||
| 490 | 0 | |a Biblioteca de Psicología | |
| 999 | |c 263106 |d 263104 | ||
| 952 | |0 0 |1 0 |4 0 |6 616_898000000000000_JAC_1980 |7 0 |8 A |9 292200 |a BIBEDU |b BIBEDU |c ES_NOD |d 2019-11-19 |i 3361942 |o 616.898 JAC 1980 |p 3361942 |r 2023-08-09 |w 2019-11-19 |y BK |k PSI | ||